| 000 | 00702nam a2200217 a 4500 | ||
|---|---|---|---|
| 001 | BRCA_1974 | ||
| 005 | 20190320203625.0 | ||
| 008 | 230905s1989----mx-a---###---#000-0#spa-# | ||
| 020 | _a9686068406 | ||
| 050 | 4 |
_aF1426 _b.L67 1989 |
|
| 100 | 1 |
_aLópez Cervantes, Gonzalo _91307 |
|
| 245 | 1 | 0 |
_aEnsayo bibliográfico del periodo colonial en México _cGonzalo López Cervantes y Rosa García García. |
| 260 |
_aMéxico _bINAH _c1989 |
||
| 300 |
_a235 p. _bil. _c26 cm. |
||
| 440 | 0 |
_aColección Fuentes _91308 |
|
| 500 | _aIncluye índice onomástico | ||
| 650 | 1 | 4 |
_aMéxico _vBibliografía _xHistoria _yPeriodo colonial _96061 |
| 700 | 1 |
_aGarcía García, Rosa _96062 |
|
| 902 | _aREF | ||
| 942 |
_2lcc _cB |
||
| 999 |
_c1743 _d1743 |
||